| 000 | 00564nam a22001577a 4500 | ||
|---|---|---|---|
| 082 | _a610 | ||
| 100 | _aKhan, Usman Abid | ||
| 245 |
_aDesign and Fabrication of In-Vitro Testing Rig for Microelectrodes / _cUsman Abid Khan |
||
| 260 |
_aIslamabad : _bSMME - NUST, _c2017. |
||
| 300 |
_a72 p. ; _c30cm. |
||
| 650 |
_aBiomedical Engineering and Science-MS-Thesis _925782 |
||
| 700 |
_aDr. Muhammad Nabeel Anwar _916247 |
||
| 856 | _uhttp://10.250.8.41:8080/xmlui/handle/123456789/6675 | ||
| 942 |
_2ddc _cTHE |
||
| 999 |
_c541175 _d541175 |
||